<?xml version="1.0" encoding="UTF-8"?>
<record
    xmlns:xsi="http://www.w3.org/2001/XMLSchema-instance"
    xsi:schemaLocation="http://www.loc.gov/MARC21/slim http://www.loc.gov/standards/marcxml/schema/MARC21slim.xsd"
    xmlns="http://www.loc.gov/MARC21/slim">

  <leader>01438nam a22001937a 4500</leader>
  <controlfield tag="008">120502t        xxu||||| |||| 00| 0 eng d</controlfield>
  <datafield tag="020" ind1=" " ind2=" ">
    <subfield code="a">0324121741 9780324121742 </subfield>
  </datafield>
  <datafield tag="050" ind1=" " ind2=" ">
    <subfield code="a">HF1017.A533</subfield>
  </datafield>
  <datafield tag="100" ind1=" " ind2=" ">
    <subfield code="a">Anderson, David R.</subfield>
  </datafield>
  <datafield tag="245" ind1=" " ind2=" ">
    <subfield code="a">Modern business statistics with Microsoft Excel. /</subfield>
    <subfield code="c">David R. Anderson</subfield>
  </datafield>
  <datafield tag="260" ind1=" " ind2=" ">
    <subfield code="a">Cincinnati, Ohio : </subfield>
    <subfield code="b"> South-Western, </subfield>
    <subfield code="c"> &#xA9;2003.</subfield>
  </datafield>
  <datafield tag="300" ind1=" " ind2=" ">
    <subfield code="a">xxiii, 936 p. :</subfield>
    <subfield code="b"> ill. (chiefly col.) ; </subfield>
    <subfield code="c"> 27 cm. + </subfield>
  </datafield>
  <datafield tag="500" ind1=" " ind2=" ">
    <subfield code="a">Includes bibliographical references and index.</subfield>
  </datafield>
  <datafield tag="505" ind1=" " ind2=" ">
    <subfield code="a">Contents: Data and statistics -- Descriptive statistics : Tabular and graphical methods -- Descriptive statistics : numerical methods -- Introduction to probability -- Discrete probability disributions -- Sampling and sampling distributions -- Interval estimation -- Hypothesis testing -- Statistical inferences about means and proportions for two populations -- Inferences about population variances -- Tests of goodness of fit and independence -- Analysis of variance and experimental design -- Simple linear regression -- Multiple regression -- Regression analysis: model building -- Nonparametric methods -- Sample survey -- Statistical methods for quality control -- Tables -- Summation notation -- Answers to even-numered exercises -- Excel functions and the function wizard.  </subfield>
  </datafield>
  <datafield tag="650" ind1=" " ind2=" ">
    <subfield code="a">Microsoft Excel for Windows. </subfield>
  </datafield>
  <datafield tag="650" ind1=" " ind2=" ">
    <subfield code="a">Commercial statistics. </subfield>
  </datafield>
  <datafield tag="700" ind1=" " ind2=" ">
    <subfield code="a">Williams, Thomas A.</subfield>
  </datafield>
  <datafield tag="942" ind1=" " ind2=" ">
    <subfield code="2">lcc</subfield>
    <subfield code="c">BK</subfield>
  </datafield>
  <datafield tag="999" ind1=" " ind2=" ">
    <subfield code="c">830</subfield>
    <subfield code="d">8330</subfield>
  </datafield>
  <datafield tag="952" ind1=" " ind2=" ">
    <subfield code="0">0</subfield>
    <subfield code="1">0</subfield>
    <subfield code="2">lcc</subfield>
    <subfield code="4">0</subfield>
    <subfield code="7">0</subfield>
    <subfield code="a">WIUC-1</subfield>
    <subfield code="b">WIUC-1</subfield>
    <subfield code="c">GEN</subfield>
    <subfield code="d">2012-05-08</subfield>
    <subfield code="l">0</subfield>
    <subfield code="o">HF1017.A533</subfield>
    <subfield code="p">1960/12</subfield>
    <subfield code="r">2012-05-08 00:00:00</subfield>
    <subfield code="t">1</subfield>
    <subfield code="w">2012-05-08</subfield>
    <subfield code="y">BK</subfield>
  </datafield>
  <datafield tag="952" ind1=" " ind2=" ">
    <subfield code="0">0</subfield>
    <subfield code="1">0</subfield>
    <subfield code="2">lcc</subfield>
    <subfield code="4">0</subfield>
    <subfield code="7">0</subfield>
    <subfield code="a">WIUC-1</subfield>
    <subfield code="b">WIUC-1</subfield>
    <subfield code="c">GEN</subfield>
    <subfield code="d">2012-05-08</subfield>
    <subfield code="l">0</subfield>
    <subfield code="o">HF1017.A5332</subfield>
    <subfield code="p">1961/12</subfield>
    <subfield code="r">2012-05-08 00:00:00</subfield>
    <subfield code="t">2</subfield>
    <subfield code="w">2012-05-08</subfield>
    <subfield code="y">BK</subfield>
  </datafield>
</record>
